| 000 | 00919nam a22002652a 4500 | ||
|---|---|---|---|
| 001 | 25816 | ||
| 003 | BD-RjUL | ||
| 005 | 20211209050931.0 | ||
| 008 | 140319t1972 enkj b 000 0 eng d | ||
| 035 | _a(BD-RjUL)25886 | ||
| 040 |
_aDLC _cDLC _dEQO _dBD-RjUL _beng |
||
| 041 | 0 | _aengper | |
| 082 | 0 | 0 |
_a915.4032 _bALM 1972 |
| 110 | 2 |
_aAligarh Muslim University. _bDepartment of History. _bCentre of Advanced Study. _979324 |
|
| 245 | 1 | 0 |
_aMedieval India : _ba miscellany / _nVolume-2 |
| 260 |
_aLondon : _bAsia Pub. House, _c1977. |
||
| 300 |
_aV-2 (346 p.) : _bgeneal. tables ; _c25 cm |
||
| 500 | _aIncludes selections in Persian | ||
| 504 | _aIncludes bibliographical references | ||
| 580 | _aSucceeds: Medieval India quarterly | ||
| 580 | _aSucceeded by: Medieval India : researches in the history of India, 1200-1750 | ||
| 651 | 0 |
_aIndia _xHistory _y1000-1765. _942556 |
|
| 942 |
_2ddc _cBK |
||
| 999 |
_c25816 _d25816 |
||